000 00752nam a22002417a 4500
003 UA-OsUOA
001 122873
007 ta
008 20170523b un ||||| |||| 00| 0 ukr d
100 _aГородецька Т.Е.
700 _aКорнієвська В.О.
700 _aЄмець Ю.В.
090 _a330(477)
_bГ70
942 _cSA
040 _aUA-OsUOA
_bukr
_cUA-OsUOA
_dUA-OsUOA
245 _aПодаток на доходи фізичних осіб у системі податків з населення
300 _aС. 20-24
955 _a0
041 _aukr
080 _a330(477)
773 0 _w122868
_tЕкономіка. Фінанси. Право.
_dК.
_d2017
_g3
650 7 _a330 Економіка взагалі
_2UDC
999 _c409515
_d409515